Making Profits out of Seafood Wastes: (Record no. 2574)

MARC details
000 -LEADER
fixed length control field 00575nam a22001577a 4500
003 - CONTROL NUMBER IDENTIFIER
control field OSt
005 - DATE AND TIME OF LATEST TRANSACTION
control field 20260224134217.0
008 - FIXED-LENGTH DATA ELEMENTS--GENERAL INFORMATION
fixed length control field 260224b |||||||| |||| 00| 0 eng d
040 ## - CATALOGING SOURCE
Original cataloging agency KMU
Language of cataloging eng
Transcribing agency KMU
Modifying agency KMU
Description conventions rda
050 ## - LIBRARY OF CONGRESS CALL NUMBER
Classification number SH335.8.I58
245 ## - TITLE STATEMENT
Title Making Profits out of Seafood Wastes:
Remainder of title Proceedings of the International Conference on Fish By-Products Anchorage, Alaska- April 25-27, 1990
Statement of responsibility, etc. Edited by Sue Keller
260 ## - PUBLICATION, DISTRIBUTION, ETC.
Place of publication, distribution, etc. Alaska:
Name of publisher, distributor, etc. University of Alaska Fairbanks,
Date of publication, distribution, etc. 1990.
300 ## - PHYSICAL DESCRIPTION
Extent v, 239 pages;
Other physical details illustrations, diagrams;
Dimensions 28 cm.
650 ## - SUBJECT ADDED ENTRY--TOPICAL TERM
Topical term or geographic name entry element Report
942 ## - ADDED ENTRY ELEMENTS (KOHA)
Source of classification or shelving scheme Library of Congress Classification
Koha item type Non-Fiction
Suppress in OPAC No
Holdings
Withdrawn status Lost status Source of classification or shelving scheme Damaged status Not for loan Collection Home library Current library Shelving location Date acquired Source of acquisition Total Checkouts Full call number Barcode Date last seen Price effective from Koha item type
    Library of Congress Classification     Non-fiction Kapasa Makasa University Kapasa Makasa University Open Access 24.02.2026 Donation   SH335.8.I58 Kel 301428 24.02.2026 24.02.2026 Non-Fiction